| 000 | 00703nmc a2200253 a 4500 | ||
|---|---|---|---|
| 003 | AR-BaBNM | ||
| 005 | 20251128205128.0 | ||
| 008 | 036119s1993 ||||||||||||||000 | spa|| | ||
| 020 | _a968-16-3351-2 | ||
| 040 | _cAR-BaBNM | ||
| 100 | 1 | _aKliksberg, Bernardo | |
| 245 | 1 | 0 |
_a¿Cómo transformar al Estado? _bmás allá de mitos y dogmas |
| 250 | _a1ª ed. | ||
| 260 |
_aMéxico, D.F. _bFondo de Cultura Económica _c1993 |
||
| 300 | 0 | _a103 p. | |
| 490 | 0 | _aSección de obras de política y derecho | |
| 650 | 4 | _aREFORMA DEL ESTADO | |
| 650 | 4 | _aESTADO | |
| 650 | 4 | _aTEORIA DEL ESTADO | |
| 650 | 4 | _aEMPRESAS PUBLICAS | |
| 650 | 4 | _aADMINISTRACION PUBLICA | |
| 942 | _cBK | ||
| 998 | _cEnrique | ||
| 999 |
_c10109 _d10109 |
||